Tennis - Carlos Alcaraz, Jannik Sinner ou les deux? QCM Quiz - Statistiques

Statistiques générales
  • Ce quiz a été pris 306 fois
    206 depuis la dernière actualisation
  • Le résultat moyen est 12 sur 15
Statistiques - réponses
Question Réponse % Correct
Qui est le plus grand ? Jannik Sinner
99%
Qui est le plus jeune ? Carlos Alcaraz
96%
Qui a gagné Roland Garros ? Carlos Alcaraz
96%
Qui a le plus de tournois du Grand Chelem ? Carlos Alcaraz
93%
Qui est droitier ? Les deux
92%
Qui a une médaille olympique ? Carlos Alcaraz
90%
Qui a un revers à deux mains ? Les deux
88%
Qui a gagné Wimbledon ? Les deux
86%
Qui a gagné l'US Open ? Les deux
80%
Qui a le plus de gains en tournoi (en simple) ? Carlos Alcaraz
75%
Qui a gagné les ATP Finals ? Jannik Sinner
75%
Qui a gagné la Coupe Davis ? Jannik Sinner
71%
Qui a gagné l'Open d'Australie ? Jannik Sinner
70%
Qui a le plus de titres en simple ? Carlos Alcaraz
68%
Qui réside à Monte-Carlo ? Jannik Sinner
68%
Aucun quiz correspondant
Distribution des résultats
% des personnes avec chaque résultat
Percentile par nombre de réponses
Votre historique - résultats
Vous n’avez pas pris ce quiz depuis la dernière actualisation